5HLuxD.jpg

KING HENRY VIII SENIOR AND PRIMARY SCHOOL LIBRARY OPAC

Tooth and claw : (Record no. 2748)

000 -LEADER
fixed length control field 01213nam a2200361 i 4500
001 - CONTROL NUMBER
control field 014533885
003 - CONTROL NUMBER IDENTIFIER
control field Uk
005 - DATE AND TIME OF LATEST TRANSACTION
control field 20230818142301.0
008 - FIXED-LENGTH DATA ELEMENTS--GENERAL INFORMATION
fixed length control field 080227s2008 enka |0|0 j|eng
015 ## - NATIONAL BIBLIOGRAPHY NUMBER
National bibliography number GBB464410
Source bnb
016 7# - NATIONAL BIBLIOGRAPHIC AGENCY CONTROL NUMBER
Record control number 014533885
Source Uk
020 ## - INTERNATIONAL STANDARD BOOK NUMBER
International Standard Book Number 9780194791359 (paperback)
040 ## - CATALOGING SOURCE
Original cataloging agency Uk
Language of cataloging eng
Transcribing agency Uk
Modifying agency Uk
-- KH8
Description conventions rda
042 ## - AUTHENTICATION CODE
Authentication code ukblsr
082 04 - DEWEY DECIMAL CLASSIFICATION NUMBER
Classification number 428.6 BOR
Edition number 23
100 1# - MAIN ENTRY--PERSONAL NAME
Personal name Border, Rosemary,
Dates associated with a name 1943-
Relator term author.
245 10 - TITLE STATEMENT
Title Tooth and claw :
Remainder of title short stories /
Statement of responsibility, etc. Saki ; retold by Rosemary Border.
250 ## - EDITION STATEMENT
Edition statement Simplified edition.
264 #1 - PRODUCTION, PUBLICATION, DISTRIBUTION, MANUFACTURE, AND COPYRIGHT NOTICE
Place of production, publication, distribution, manufacture Oxford :
Name of producer, publisher, distributor, manufacturer Oxford University Press,
Date of production, publication, distribution, manufacture, or copyright notice [2008]
300 ## - PHYSICAL DESCRIPTION
Extent 72 pages :
Other physical details illustrations (black and white) ;
Dimensions 20 cm.
336 ## - CONTENT TYPE
Content type term text
Source rdacontent
337 ## - MEDIA TYPE
Media type term unmediated
Source rdamedia
338 ## - CARRIER TYPE
Carrier type term volume
Source rdacarrier
490 0# - SERIES STATEMENT
Series statement Oxford bookworms library. Human interest. Stage 3
505 0# - FORMATTED CONTENTS NOTE
Formatted contents note Sredni Vashtar -- The story-teller -- Gabriel-Ernest -- Tobermory -- The she-wolf.
600 00 - SUBJECT ADDED ENTRY--PERSONAL NAME
Personal name Saki,
Dates associated with a name 1870-1916
Form subdivision Adaptations.
650 #0 - SUBJECT ADDED ENTRY--TOPICAL TERM
Topical term or geographic name entry element Readers (Secondary)
650 #0 - SUBJECT ADDED ENTRY--TOPICAL TERM
Topical term or geographic name entry element Readers (Adult)
650 #0 - SUBJECT ADDED ENTRY--TOPICAL TERM
Topical term or geographic name entry element Readers
General subdivision Animals.
700 02 - ADDED ENTRY--PERSONAL NAME
Personal name Saki,
Dates associated with a name 1870-1916.
Title of a work Sredni Vashtar.
700 02 - ADDED ENTRY--PERSONAL NAME
Personal name Saki,
Dates associated with a name 1870-1916.
Title of a work Story-teller.
942 ## - ADDED ENTRY ELEMENTS (KOHA)
Source of classification or shelving scheme
Koha item type Teaching Resources
Holdings
Withdrawn status Lost status Source of classification or shelving scheme Damaged status Not for loan Collection code Permanent Location Current Location Shelving location Date acquired Total Checkouts Full call number Barcode Date due Date last seen Date last checked out Price effective from Koha item type
          Teaching Resources KH8 Senior School Library KH8 Senior School Library Staff Office 2023-08-18 3 428.6 BOR TRKHSL002130 2026-07-03 2025-08-20 2025-08-20 2023-08-18 Teaching Resources

Powered By KH8 IT Dept